| 000 | 00812nam a22002657a 4500 | ||
|---|---|---|---|
| 001 | BR7200855 | ||
| 003 | BR-BrBNA | ||
| 005 | 20230928083822.0 | ||
| 007 | ta | ||
| 008 | 230509b bl.||||| |||| 00| 0 por d | ||
| 040 |
_aBR-BrBNA _bpor _cBiblioteca Nacional de Agricultura |
||
| 041 | _a(Por) | ||
| 072 |
_aF30 _b0336 _b/G514 |
||
| 090 | _ 0336 BR7200855 | ||
| 110 | 1 |
_aInstituto de Pesquisas Agronomicas, Porto Alegre, RS (Brasil) _96134 |
|
| 245 | 1 | _aContribuicao a lavoura de soja do Rio Grande do Sul. Nova variedade de soja - Planalto (2-2/65)[Brasil] | |
| 260 | 3 |
_aPorto Alegre, RS (Brasil): _c1972. |
|
| 300 | _a10 p. | ||
| 650 | _aMELHORAMENTO GENETICO VEGETAL | ||
| 650 | _aVARIEDADE | ||
| 650 | _aSOJA | ||
| 650 | _aRIO GRANDE DO SUL | ||
| 909 |
_a202309 _bLucia _c55 _dLucia Elande |
||
| 942 | _cBK | ||
| 999 |
_c15369 _d15369 |
||